Normal view
MARC view
- S RAO MUHAMMAD ZUBAIR KHAN NS MAAZ ALI NS MUHAMMAD AKIF
Entry Personal Name
001 - CONTROL NUMBER
- control field: 122786
003 - CONTROL NUMBER IDENTIFIER
- control field: NUST
005 - DATE AND TIME OF LATEST TRANSACTION
- control field: 20240521171048.0
008 - FIXED-LENGTH DATA ELEMENTS
- fixed length control field: 240521|| aca||aabn | a|a d
040 ## - CATALOGING SOURCE
- Original cataloging agency: NUST
- Transcribing agency: NUST
100 ## - HEADING--PERSONAL NAME
- Personal name: S RAO MUHAMMAD ZUBAIR KHAN NS MAAZ ALI NS MUHAMMAD AKIF
670 ## - SOURCE DATA FOUND
- Source citation: Work cat.: (NUST): S RAO MUHAMMAD ZUBAIR KHAN NS MAAZ ALI NS MUHAMMAD AKIF, PR-SOF-2288-Development of a Vehicle Longitudinal Performance Simulator, 2023.
